000 01071nam a2200229Ia 4500
001 19573
003 GE_BSU
008 181216s||||||||xx |||||||||||||| ||und||
020 _a9789941087233
040 _cGE_BSU
080 _a02:174
245 _aბიბლიოთეკარი: პროფესიული სტანდარტი. საქართველოს ბიბლიოთეკარის პროფესიული ეთიკის კოდექსი
245 _cრედ. ც. კოჭლაშვილი., გ. თაყნიაშვილი
260 _aთბილისი
260 _c2016
300 _a17გვ.
541 _h2ლ.45თ.
653 _aბიბლიოთეკარი
653 _aბიბლიოთეკარი: პროფესიული სტანდარტი. საქართველოს ბიბლიოთეკარის პროფესიული ეთიკის კოდექსი
653 _aქსეროქსი
942 _cBK
999 _c52549
_d52549